Hodnotenie efektívnosti investícií v ekonomike
Podstatou hodnotenia investícií je porovnávanie nákladov na investíciu s výnosmi, ktoré investícia prinesie. Postup hodnotenia. Určenie nákladov na investíciu. Odhadnutie budúcich výnosov, ktoré investícia prinesie. Určenie nákladov na kapitál vlastného podniku. Výpočet súčasnej hodnoty očakávaných...
Salvato in:
| Autore principale: | |
|---|---|
| Natura: | Capitolo di libro |
| Lingua: | ceco |
| Soggetti: | |
| Tags: |
Nessun Tag, puoi essere il primo ad aggiungerne!!
|
MARC
| LEADER | 00000naa$a2200000$$$4500 | ||
|---|---|---|---|
| 001 | 0007083 | ||
| 005 | 20240502071351.7 | ||
| 041 | 0 | |a cze | |
| 044 | |a SK | ||
| 245 | 1 | 0 | |a Hodnotenie efektívnosti investícií v ekonomike |c aut. Jarmila Vidová |
| 520 | |a Podstatou hodnotenia investícií je porovnávanie nákladov na investíciu s výnosmi, ktoré investícia prinesie. Postup hodnotenia. Určenie nákladov na investíciu. Odhadnutie budúcich výnosov, ktoré investícia prinesie. Určenie nákladov na kapitál vlastného podniku. Výpočet súčasnej hodnoty očakávaných výnosov (cash flow) Metódy hodnotenia investícií v trhových ekonomikách | ||
| 610 | 2 | 0 | |a efektívnosť investícií ekonomická |
| 610 | 2 | 0 | |a náklady investičné |
| 610 | 2 | 0 | |a výnosy |
| 100 | 1 | |a Vidová, Jarmila, 1967- | |